00456nam a2200157 a 4500008004100000020001500041050001400056100002200070245008100092260004200173300001500215350000900230490002800239500001700267650001400284060316s1969 ||||||||||||||||| || u a0471165794 aDT 31 Par aCollins, Robert O14aThe partition of Africa: illusion or necessity?cedited by Robert O. Collins aNew York :bJohn Wiley and Sonsc1969 axi, 239 p. a0.00 aMajor issues in history aBibliography aTEXTBOOKS